000 00749nam a22001937a 4500
999 _c4534
_d4534
003 AR-CdUCM
008 190308b ||||| |||| 00| 0 ger d
040 _aMUNICIPALIDAD PROVINCIAL DEL CUSCO
_cBIBLIOTECA MUNICIPAL DEL CUSCO
082 _a708 /
_bER73
245 _aErmitage :
_bFührer durch die Säle des Museums /
260 _aLeningrad :
_bAurora-Kunstverlag,
_c1979.
300 _a199, 2 páginas ;
_bilustraciones, maquetas,
_c17 cm.
505 _aContenido: Winterpalais -- Haupttreppe des Winterpalais -- Gründung der Ermitage -- Kleine Ermitage -- Alte Ermitage ...
650 _aMuseo (en alemán)
_914201
650 _aPintura, Arte, Escultura (en alemán)
_914202
650 _aAlemania
_91327
942 _2ddc
_cLIBROS
945 _aachl